000 00688nam a2200289Ia 4500
005 20260324141829.0
008 008 260324s9999 xx 000 0 eng d
020 _a9781315661728
037 _aEBOOK
040 _aCRL
040 _beng
040 _cCRL
041 _2eng
041 _aeng
084 _qCRL
100 _aWendy Shaw
_91091810
245 4 _aThe Geography of United States Poverty
245 0 _bPatterns of Deprivation, 1980-1990
260 _bTaylor and Francis
260 _c1996
365 _a
365 _b230
856 _uhttp://www.taylorfrancis.com/books/9781315661728
942 _cEBOOK
999 _c1813172
_d1813172